书目信息 |
| 题名: |
中国妇女生活史
|
|
| 作者: | 陈东 原著 | |
| 分册: | ||
| 出版信息: | 北京 商务印书馆 2015.07 |
|
| 页数: | 10,340页 | |
| 开本: | 22cm | |
| 丛书名: | 中华现代学术名著丛书 | |
| 单 册: | ||
| 中图分类: | D442.9 | |
| 科图分类: | ||
| 主题词: | 妇女--生活--历史--中国 | |
| 电子资源: | ||
| ISBN: | 978-7-100-10193-6 | |
| 000 | 00888oam2 2200265 450 | |
| 001 | 0120151622618 | |
| 005 | 20160513093440.81 | |
| 010 | @a978-7-100-10193-6@dCNY34.00 | |
| 100 | @a20150728d2015 em y0chiy50 ea | |
| 101 | 0 | @achi |
| 102 | @aCN@b110000 | |
| 105 | @ay z 000yy | |
| 106 | @ar | |
| 200 | 1 | @a中国妇女生活史@9zhong guo fu nv sheng huo shi@f陈东原著 |
| 210 | @a北京@c商务印书馆@d2015.07 | |
| 215 | @a10,340页@d22cm | |
| 225 | 2 | @a中华现代学术名著丛书 |
| 330 | @a本书共分为十章,主要内容包括:绪论、古代的妇女生活、汉代的妇女生活、魏晋南北朝的妇女生活、隋唐五代的妇女生活、宋代的妇女生活、元明的妇女生活等。 | |
| 333 | @a中国妇女生活史研究相关人员 | |
| 461 | 0 | @12001 @a中华现代学术名著丛书 |
| 606 | 0 | @a妇女@x生活@x历史@y中国 |
| 690 | @aD442.9@v5 | |
| 701 | 0 | @a陈东@9chen dong@4原著 |
| 801 | 0 | @aCN@b人天书店@c20150728 |
| 905 | @b876598-603@dD442.9@e32@f6 | |
| 中国妇女生活史/陈东原著.-北京:商务印书馆,2015.07 |
| 10,340页;22cm.-(中华现代学术名著丛书) |
| 使用对象:中国妇女生活史研究相关人员 |
| ISBN 978-7-100-10193-6:CNY34.00 |
| 本书共分为十章,主要内容包括:绪论、古代的妇女生活、汉代的妇女生活、魏晋南北朝的妇女生活、隋唐五代的妇女生活、宋代的妇女生活、元明的妇女生活等。 |
| ● |
| 相关链接 |
|
|
|
|
正题名:中国妇女生活史
索取号:D442.9/32
 
预约/预借
| 序号 | 登录号 | 条形码 | 馆藏地/架位号 | 状态 | 备注 |
| 1 | 876598 | 208765987 | 第一样本阅览室/ [索取号:D442.9/32] | 在馆 | |
| 2 | 876599 | 208765996 | 教育系资料室/ [索取号:D442.9/32] | 在馆 | |
| 3 | 876600 | 208766003 | 教育系资料室/ [索取号:D442.9/32] | 在馆 | |
| 4 | 876601 | 208766012 | 教育系资料室/ [索取号:D442.9/32] | 在馆 | |
| 5 | 876602 | 208766021 | 第一借阅区/ [索取号:D442.9/32] | 在馆 | |
| 6 | 876603 | 208766030 | 第一借阅区/ [索取号:D442.9/32] | 在馆 |